| 000 | 00682nam a2200205Ii 4500 | ||
|---|---|---|---|
| 003 | JO-AjNU | ||
| 008 | 230605s9999||||xx |||||||||||||| ||und|| | ||
| 040 |
_aJO-AjNU _bara _erda _cJO-AjNU |
||
| 041 | _aara | ||
| 050 | 1 | 4 | _aZ721.H342 1989 |
| 100 | 3 |
_aالحلوجي، عبد الستار, _eauthor _919248 |
|
| 245 | 0 | 0 | _aالمكتبات تاريخها وتطورها |
| 250 | _aط3 | ||
| 264 | 3 | 1 | _aالقاهرة: المؤسسة العربية للطباعة والنشر والتوزيع، 1989 |
| 300 | _a113ص | ||
| 336 |
_atext _btxt _2rdacontent |
||
| 337 |
_aunmediated _bn _2rdamedia |
||
| 338 |
_avolume _bnc _2rdacarrier |
||
| 650 | 4 |
_aالمكتبات- تطور _919249 |
|
| 999 |
_aA6312 _c9880 _d9880 |
||